000 00580nam a2200205Ia 4500
005 20250508161953.0
008 008 250505s9999 xx 000 0 eng d
020 _a0-416-85540-7
037 _aTextual
040 _aFEDL
_beng
_cFEDL
041 _aeng
_2eng
084 _a370.4, SMI
_qFEDL
100 _aSmith Mike
245 0 _aUnderground and education : A guide to the alternative press
260 _aLondon, UK
_bMethuen and Company Limited
_c1977
300 _a152p.
650 _aEducation
942 _cTEXL
_h370.4, SMI
999 _c1373575
_d1373575